01017nam a22002897a 45000010005000000030006000050050017000110080041000280200018000690400029000870500008001160820010001241000023001342450012001572600049001693000048002184900029002665050007002955200152003025210027004545210018004816500032004996500033005319420015005649990015005799520133005949934FISKH20260317131150.0260317b cb ||||| |||| 00| 0 eng d a9788184510904 aFISKHbengcFISKHdFISKH aPZ7 a428.1 aAnonymous eAuthor aWords / aNew Delhi : bDreamland Publications ,c2011 a8 unnumbered pages : bphotographs ;c17 cm aMy small board book of : aC  aA colorful board book that introduces young children to everyday words through bright pictures, helping build vocabulary and early language skills.8 a100 bLexile estimate 8 aC bRaz-Plus  aBoard book vFirst words  aVocabulary vEarly learning 2ddccBKn0 c9934d9934 00102ddc40708NFICa002b002cTTP Dark Greend2026-03-17l0oANO 428.1 PZ7p2026-0334r2026-03-17 13:11:47t1w2026-03-17yBK